000 00340 a2200157 4500
001 191336
020 _a85-86866-11-3
040 _cMagnum
100 _aRocha, Gladys
240 1 0 _aUma viagem inesquecível
_lpor
245 1 0 _aUma viagem inesquecível
300 _a20
362 0 _a1999
697 _aLITERATURA INFANTO
942 _cBK
999 _c191336
_d191336